[Event "Figueres Nadal op 9th"]
[Site "Figueres"]
[Date "2020.01.03"]
[Round "3"]
[White "Cuevas Silva, Angel"]
[Black "Jurado Coderch, Heribert"]
[Result "0-1"]
[WhiteElo "1887"]
[BlackElo "1692"]
[PlyCount "98"]
[EventDate "2020.01.02"]
[EventType "swiss"]
[EventRounds "8"]
[EventCountry "ESP"]
[SourceTitle "CBM 194 Extra"]
[Source "ChessBase"]
[SourceDate "2020.03.31"]
[SourceVersion "1"]
[SourceVersionDate "2020.03.31"]
[SourceQuality "1"]

1. e4 e5 2. Nf3 Nc6 3. Bb5 a6 4. Ba4 g6 5. d4 exd4 6. Bg5 Nge7 7. Bf6 Rg8 8. 0-0 Bg7 9. e5 b5 10. Bb3 d5 11. Nxd4 Nxd4 12. Qxd4 Be6 13. Nc3 c6 14. a4 Rc8 15. Qh4 Bxf6 16. exf6 Nf5 17. Qf4 Qc7 18. Qxc7 Rxc7 19. axb5 axb5 20. Ra8+ Rc8 21. Ra7 Kd8 22. Ne2 Rc7 23. Rfa1 Re8 24. c3 Bc8 25. Kf1 h5 26. h3 Re6 27. g4 hxg4 28. hxg4 Nd6 29. g5 Ne4 30. Nd4 Nd2+ 31. Kg2 Nxb3 32. Nxb3 Re5 33. Rxc7 Kxc7 34. Ra7+ Kd8 35. f4 Re2+ 36. Kf3 Rxb2 37. Nc5 Rc2 38. Ke3 Rxc3+ 39. Kd4 Rc4+ 40. Ke5 Rxc5 41. Kd6 Rc4 42. Rxf7 Ke8 43. Rh7 Bf5 44. f7+ Kf8 45. Ke5 Re4+ 46. Kd6 Re6+ 47. Kc5 d4 48. Kxd4 Be4 49. Kc5 Re7 0-1

[Event "Figueres op 8th"]
[Site "Figueres"]
[Date "2018.12.30"]
[Round "7.7"]
[White "Vinolas Anglada, Laura"]
[Black "Cuevas Silva, Angel"]
[Result "1-0"]
[WhiteElo "1613"]
[BlackElo "1964"]
[PlyCount "109"]
[EventDate "2018.12.27"]
[EventType "swiss"]
[EventRounds "8"]
[EventCountry "ESP"]
[SourceTitle "EXT 2024"]
[Source "ChessBase"]
[SourceDate "2023.10.10"]
[SourceVersion "1"]
[SourceVersionDate "2023.10.10"]
[SourceQuality "1"]

1. e4 e5 2. Nc3 Nf6 3. g3 d5 4. exd5 Nxd5 5. Bg2 Nxc3 6. bxc3 Bd6 7. d3 Nc6 8. Rb1 0-0 9. Ne2 Re8 10. 0-0 a6 11. c4 Bb4 12. Bxc6 bxc6 13. Rxb4 Bh3 14. Re1 Bg4 15. c5 Qd7 16. Qd2 a5 17. Re4 f5 18. Rxg4 fxg4 19. Nc3 a4 20. Ba3 Qf7 21. Qe3 Rad8 22. Rb1 Ra8 23. Rb4 Qe6 24. Qe4 h5 25. Qc4 Qxc4 26. Rxc4 Kf7 27. Kf1 Ke6 28. Ke2 Rf8 29. Bc1 Rfd8 30. Rxa4 Rxa4 31. Nxa4 Ra8 32. Nc3 Ra5 33. Be3 Ra3 34. Kd2 Ra8 35. a4 Rb8 36. Kc1 Rb4 37. Bd2 Kd7 38. a5 Rb8 39. Na2 Rb5 40. a6 Rb8 41. Nb4 Ra8 42. Bc3 Rb8 43. Kd2 Rd8 44. Ke3 Ke6 45. Nxc6 Kd5 46. Nb4+ Kxc5 47. Ke4 Kd6 48. Bd2 g6 49. Be3 Ra8 50. d4 exd4 51. Bxd4 c5 52. Be5+ Ke6 53. Nd3 c4 54. Nc5+ Ke7 55. Kd5 1-0

[Event "Figueres op 8th"]
[Site "Figueres"]
[Date "2018.12.27"]
[Round "2.8"]
[White "Cuevas Silva, Angel"]
[Black "Sabater Antico, Luis"]
[Result "1/2-1/2"]
[WhiteElo "1964"]
[BlackElo "1700"]
[PlyCount "38"]
[EventDate "2018.12.27"]
[EventType "swiss"]
[EventRounds "8"]
[EventCountry "ESP"]
[SourceTitle "EXT 2024"]
[Source "ChessBase"]
[SourceDate "2023.10.10"]
[SourceVersion "1"]
[SourceVersionDate "2023.10.10"]
[SourceQuality "1"]

1. e4 g6 2. d4 Bg7 3. Nc3 b6 4. Be3 Bb7 5. Qd2 e6 6. 0-0-0 a6 7. h4 Nf6 8. f3 d5 9. e5 Nh5 10. Nge2 Bf8 11. g4 Ng7 12. Ng3 Nd7 13. f4 Be7 14. f5 gxf5 15. gxf5 exf5 16. Bd3 Nxe5 17. Nxf5 Nxf5 18. Bxf5 c5 19. Qe2 Nd3+ 1/2-1/2

[Event "Figueres op 8th"]
[Site "Figueres"]
[Date "2018.12.27"]
[Round "1.6"]
[White "Roqueta Maffei, Oscar Nahuel"]
[Black "Cuevas Silva, Angel"]
[Result "1-0"]
[WhiteElo "1400"]
[BlackElo "1964"]
[PlyCount "97"]
[EventDate "2018.12.27"]
[EventType "swiss"]
[EventRounds "8"]
[EventCountry "ESP"]
[SourceTitle "EXT 2024"]
[Source "ChessBase"]
[SourceDate "2023.10.10"]
[SourceVersion "1"]
[SourceVersionDate "2023.10.10"]
[SourceQuality "1"]

1. e4 e5 2. Nf3 Nc6 3. Bc4 Nf6 4. d3 Bc5 5. c3 d6 6. a4 a6 7. Nbd2 0-0 8. 0-0 Ne7 9. d4 exd4 10. cxd4 Ba7 11. Re1 Ng6 12. Nf1 Bg4 13. d5 Ne5 14. Qb3 b5 15. Nxe5 dxe5 16. Bd3 Qd6 17. Be3 Bxe3 18. Nxe3 Bd7 19. axb5 axb5 20. Rxa8 Rxa8 21. f3 Qc5 22. Qc3 Qxc3 23. bxc3 Ra3 24. Rc1 b4 25. Nc4 Rxc3 26. Rxc3 bxc3 27. Bc2 Ne8 28. Nxe5 Bb5 29. Kf2 Nd6 30. Ke3 f6 31. Nd3 Bxd3 32. Kxd3 Kf7 33. Kxc3 Ke7 34. Ba4 Nb7 35. Bc6 Nd8 36. Kb4 Kd6 37. Kb5 g5 38. g3 h6 39. f4 Nf7 40. Be8 Nd8 41. Kc4 Ke7 42. Bh5 Kd6 43. Kd4 c5+ 44. Kc4 Nb7 45. Kb5 f5 46. exf5 Kxd5 47. Bf3+ Kd4 48. Bxb7 c4 49. Bf3 1-0

[Event "Catalunya-chT Gp1"]
[Site "Barcelona"]
[Date "2018.01.27"]
[Round "2.10"]
[White "Cuevas Silva, Angel"]
[Black "Martinez Perez, Pablo"]
[Result "1-0"]
[WhiteElo "1954"]
[BlackElo "1942"]
[PlyCount "43"]
[EventDate "2018.01.20"]
[EventType "team-tourn"]
[EventRounds "7"]
[EventCountry "ESP"]
[SourceTitle "CBM 182 Extra"]
[Source "ChessBase"]
[SourceDate "2018.02.23"]
[SourceVersion "1"]
[SourceVersionDate "2018.02.23"]
[SourceQuality "1"]
[WhiteTeam "Figueres"]
[BlackTeam "Colon Sabadell"]
[WhiteTeamCountry "ESP"]
[BlackTeamCountry "ESP"]

1. e4 e5 2. Nf3 d6 3. d4 exd4 4. Nxd4 Nf6 5. Nc3 Be7 6. Bf4 0-0 7. Qd2 a6 8. 0-0-0 b5 9. f3 Bb7 10. Nf5 Nbd7 11. g4 Ne5 12. Bxe5 Nxe4 13. fxe4 dxe5 14. Qxd8 Bxd8 15. Bg2 g6 16. Ng3 Bg5+ 17. Kb1 b4 18. Nd5 c5 19. h4 Bh6 20. Nf6+ Kh8 21. Nd7 Rfc8 22. Nb6 1-0

[Event "Vilanova op 37th"]
[Site "Salt"]
[Date "2011.06.17"]
[Round "8.4"]
[White "Cuevas Silva, Angel"]
[Black "Mas Recorda, Pere"]
[Result "0-1"]
[WhiteElo "1980"]
[BlackElo "2084"]
[PlyCount "86"]
[EventDate "2011.04.29"]
[EventType "swiss"]
[EventRounds "9"]
[EventCountry "ESP"]
[SourceTitle "EXT 2024"]
[Source "ChessBase"]
[SourceDate "2023.10.10"]
[SourceVersion "1"]
[SourceVersionDate "2023.10.10"]
[SourceQuality "1"]

1. e4 e6 2. d4 d5 3. Nc3 Nf6 4. e5 Nfd7 5. f4 c5 6. Nf3 Nc6 7. Be3 a6 8. Be2 b5 9. a3 Qb6 10. Qd2 cxd4 11. Nxd4 Bc5 12. Rd1 0-0 13. b4 Bxd4 14. Bxd4 Nxd4 15. Qxd4 Qxd4 16. Rxd4 Bb7 17. Bd3 Rac8 18. Kd2 Nb6 19. Re1 Rc7 20. Nb1 Rfc8 21. f5 Nc4+ 22. Kc1 exf5 23. Bxf5 Re8 24. e6 Rce7 25. exf7+ Kxf7 26. Rxe7+ Rxe7 27. Bg4 Re4 28. c3 Ne5 29. Bf3 Re1+ 30. Kc2 Nxf3 31. gxf3 Re2+ 32. Rd2 Re1 33. Rd1 Re2+ 34. Rd2 Re5 35. Rd4 Bc8 36. Nd2 Bf5+ 37. Kb2 Ke6 38. Nb3 Re2+ 39. Rd2 Rxd2+ 40. Nxd2 Ke5 41. Nb3 Kf4 42. Nd4 Bd7 43. Kc2 Ke3 0-1

[Event "Benidorm op U2000 09th"]
[Site "Benidorm"]
[Date "2010.12.07"]
[Round "6"]
[White "Cuevas Silva, Angel"]
[Black "Salgado Gonzalez, Julio"]
[Result "1/2-1/2"]
[WhiteElo "1963"]
[BlackElo "1843"]
[PlyCount "64"]
[EventDate "2010.12.03"]
[EventType "swiss"]
[EventRounds "10"]
[EventCountry "ESP"]
[SourceTitle "CBM 139 Extra"]
[Source "ChessBase"]
[SourceDate "2011.01.05"]
[SourceVersion "1"]
[SourceVersionDate "2011.01.05"]
[SourceQuality "1"]

1. e4 Nc6 2. d4 d5 3. e5 Bf5 4. Nf3 e6 5. Be2 Nb4 6. Na3 c5 7. c3 Nc6 8. 0-0 f6 9. Re1 fxe5 10. Nxe5 Nxe5 11. dxe5 Ne7 12. Nb5 Nc6 13. Bd3 Bxd3 14. Qxd3 a6 15. Nd6+ Bxd6 16. exd6 Qxd6 17. Qf5 Kd7 18. Qg4 Qe7 19. Bg5 h5 20. Bxe7 hxg4 21. Bxc5 Rh5 22. Bd4 Nxd4 23. cxd4 Rah8 24. Rac1 Rxh2 25. Kf1 Rh1+ 26. Ke2 Rxe1+ 27. Rxe1 Rf8 28. Rh1 Rf4 29. Ke3 Re4+ 30. Kd3 Rf4 31. Ke3 Re4+ 32. Kd3 Rf4 1/2-1/2

[Event "Benidorm op U2000 08th"]
[Site "Benidorm"]
[Date "2009.11.30"]
[Round "3"]
[White "Cuevas Silva, Angel"]
[Black "Moragrega Herrero, Juan Jose"]
[Result "1/2-1/2"]
[WhiteElo "1931"]
[BlackElo "1990"]
[PlyCount "109"]
[EventDate "2009.11.28"]
[EventType "swiss"]
[EventRounds "10"]
[EventCountry "ESP"]
[SourceTitle "CBM 133 Extra"]
[Source "ChessBase"]
[SourceDate "2010.01.05"]
[SourceVersion "1"]
[SourceVersionDate "2010.01.05"]
[SourceQuality "1"]

1. e4 e6 2. d4 d5 3. Nc3 Bb4 4. e5 c5 5. a3 Bxc3+ 6. bxc3 Qc7 7. Nf3 Nc6 8. Bd3 c4 9. Be2 Qa5 10. Bd2 h6 11. 0-0 Nge7 12. Qc1 Bd7 13. Re1 0-0-0 14. Rb1 Rdg8 15. Qb2 b6 16. h4 f5 17. Bf1 Be8 18. Ra1 Bh5 19. Be2 Bxf3 20. Bxf3 g5 21. h5 Qa4 22. Rab1 Kc7 23. Rec1 Rb8 24. Qb4 Qxb4 25. Rxb4 a6 26. Rb2 b5 27. g3 Rb6 28. Rcb1 Rhb8 29. Bd1 a5 30. Kf1 Na7 31. f3 Nac6 32. Kf2 R6b7 33. Kg2 Nc8 34. Kf2 N8a7 35. Kg2 b4 36. a4 Nxd4 37. cxd4 c3 38. Bxc3 bxc3 39. Rxb7+ Rxb7 40. Rxb7+ Kxb7 41. Kf2 Nc6 42. Ke3 Nb4 43. f4 g4 44. Ke2 Kc7 45. Ke3 Kb6 46. Ke2 Kc7 47. Ke3 Kd8 48. Ke2 Ke7 49. Ke3 Ke8 50. Ke2 Ke7 51. Ke3 Na6 52. Kd3 Nc7 53. Kxc3 Ne8 54. Kd3 Ng7 55. Ke3 1/2-1/2

[Event "Catalunya Vilanova Salt 35th"]
[Site "Salt"]
[Date "2009.06.12"]
[Round "8.10"]
[White "Gonzalez Escudero, Josep"]
[Black "Cuevas Silva, Angel"]
[Result "0-1"]
[WhiteElo "1880"]
[BlackElo "1937"]
[PlyCount "94"]
[EventDate "2009.04.17"]
[EventType "swiss"]
[EventRounds "9"]
[EventCountry "ESP"]
[SourceTitle "EXT 2024"]
[Source "ChessBase"]
[SourceDate "2023.10.10"]
[SourceVersion "1"]
[SourceVersionDate "2023.10.10"]
[SourceQuality "1"]

1. f4 Nf6 2. Nf3 g6 3. d3 Bg7 4. e4 d6 5. Be2 0-0 6. 0-0 e5 7. fxe5 dxe5 8. Bg5 Bg4 9. c3 Nbd7 10. h3 Bxf3 11. Rxf3 c6 12. Nd2 Qb6+ 13. Kh1 Qxb2 14. Qc1 Qxc1+ 15. Rxc1 h6 16. Bh4 g5 17. Bg3 Nh5 18. Rcf1 Nxg3+ 19. Rxg3 b5 20. Nf3 Nc5 21. h4 f6 22. hxg5 fxg5 23. Nd2 Ne6 24. Rgf3 Nf4 25. Bd1 g4 26. Re3 h5 27. Nb3 Ne6 28. Ree1 Rad8 29. Bc2 Rxf1+ 30. Rxf1 Nf4 31. Nc5 Ne2 32. Bb3+ Kh8 33. Kh2 Bh6 34. Ne6 Rxd3 35. Rf6 Bf4+ 36. Kh1 Rxc3 37. Rf8+ Kh7 38. Rf7+ Kg6 39. Nf8+ Kg5 40. g3 Bxg3 41. Rf5+ Kh4 42. Ng6+ Kh3 43. Rxh5+ Bh4 44. Rxh4+ Kg3 45. Bd1 Rc1 46. Rxg4+ Kxg4 47. Nxe5+ Kg3 0-1

[Event "Girona-ch"]
[Site "Barcelona"]
[Date "2001.11.25"]
[Round "8"]
[White "Cuevas Silva, Angel"]
[Black "Marti Gutierrez, JM."]
[Result "1-0"]
[WhiteElo "2025"]
[BlackElo "1950"]
[PlyCount "53"]
[EventDate "2001.10.07"]
[EventType "swiss"]
[EventRounds "9"]
[EventCountry "ESP"]
[SourceTitle "EXT 2008"]
[Source "ChessBase"]
[SourceDate "2007.11.25"]
[SourceVersion "1"]
[SourceVersionDate "2007.11.25"]
[SourceQuality "1"]

1. e4 c5 2. Nf3 e6 3. d4 cxd4 4. Nxd4 Nf6 5. Nc3 Bb4 6. e5 Nd5 7. Qg4 g6 8. Bd2 Nxc3 9. bxc3 Be7 10. Bd3 d6 11. f4 dxe5 12. fxe5 Qd5 13. 0-0 Qxe5 14. Rae1 Qc7 15. Qf3 0-0 16. Bh6 Bc5 17. Bxf8 Kxf8 18. Qf6 Kg8 19. Kh1 Bxd4 20. cxd4 Na6 21. d5 Nb4 22. d6 Qd7 23. Bb5 Nc6 24. h4 a6 25. Bd3 h5 26. Bxg6 fxg6 27. Qf8+ 1-0

[Event "Girona-ch"]
[Site "Barcelona"]
[Date "2001.10.14"]
[Round "2"]
[White "Gallart Vila, Joan"]
[Black "Cuevas Silva, Angel"]
[Result "0-1"]
[WhiteElo "1990"]
[BlackElo "2025"]
[PlyCount "54"]
[EventDate "2001.10.07"]
[EventType "swiss"]
[EventRounds "9"]
[EventCountry "ESP"]
[SourceTitle "EXT 2008"]
[Source "ChessBase"]
[SourceDate "2007.11.25"]
[SourceVersion "1"]
[SourceVersionDate "2007.11.25"]
[SourceQuality "1"]

1. d4 Nf6 2. c4 g6 3. Nf3 Bg7 4. g3 d6 5. Bg2 0-0 6. 0-0 Nc6 7. Nc3 e5 8. d5 Ne7 9. e4 Nd7 10. Ng5 h6 11. Nf3 a5 12. Be3 b6 13. Qd2 Kh7 14. h4 Nc5 15. Kh2 f5 16. exf5 Bxf5 17. h5 g5 18. Nb5 Bg4 19. Qe2 Kh8 20. Bxc5 bxc5 21. Rh1 Qd7 22. a4 Qf5 23. Ra3 e4 24. Rf1 exf3 25. Bxf3 Bxf3 26. Qxe7 Bf6 27. Qxc7 g4 0-1

[Event "Girona-ch"]
[Site "Barcelona"]
[Date "2001.10.07"]
[Round "1"]
[White "Cuevas Silva, Angel"]
[Black "Domenech Plana, Jaume"]
[Result "0-1"]
[WhiteElo "2025"]
[BlackElo "2280"]
[PlyCount "34"]
[EventDate "2001.10.07"]
[EventType "swiss"]
[EventRounds "9"]
[EventCountry "ESP"]
[SourceTitle "EXT 2008"]
[Source "ChessBase"]
[SourceDate "2007.11.25"]
[SourceVersion "1"]
[SourceVersionDate "2007.11.25"]
[SourceQuality "1"]

1. e4 e5 2. Nf3 Nc6 3. Bb5 Nd4 4. Nxd4 exd4 5. c3 Qg5 6. Bf1 Bc5 7. Qf3 d5 8. exd5 Bg4 9. Qe4+ Kf8 10. f4 Qf6 11. cxd4 Re8 12. Qxe8+ Kxe8 13. dxc5 Qh4+ 14. g3 Qe7+ 15. Kf2 Qxc5+ 16. Kg2 Qxd5+ 17. Kg1 Bf3 0-1